Sports Quiz

Random Sports or Golf Quiz

U.S. Senior Open Winners Quiz Stats

 Plays Quiz not verified by Sporcle

Challenge
Share
Tweet
Embed
Score 0/38 Timer 08:00
0 Plays Today
Year Winner % Correct
2010Bernhard Langer
93.6%
1993Jack Nicklaus
93.6%
1991Jack Nicklaus
93.6%
1981Arnold Palmer
93.6%
2000Hale Irwin
80.9%
1998Hale Irwin
80.9%
1990Lee Trevino
80.9%
1988Gary Player
78.7%
1987Gary Player
78.7%
2014Colin Montgomerie
61.7%
2013Kenny Perry
46.8%
2017Kenny Perry
45.5%
2009Fred Funk
42.6%
2006Allen Doyle
31.9%
2005Allen Doyle
31.9%
1996Dave Stockton
29.8%
1983Billy Casper
29.8%
2004Peter Jacobsen
27.7%
2015Jeff Maggert
21.3%
Year Winner % Correct
1995Tom Weiskopf
19.1%
2001Bruce Fleisher
17%
1985Miller Barber
17%
1984Miller Barber
17%
1982Miller Barber
17%
2012Roger Chapman
14.9%
2016Gene Sauers
10.6%
2011Olin Browne
10.6%
2008Eduardo Romero
10.6%
1980Roberto De Vicenzo
10.6%
2007Brad Bryant
8.5%
2003Bruce Lietzke
8.5%
2002Don Pooley
8.5%
1989Orville Moody
8.5%
1992Larry Laoretti
6.4%
1999Dave Eichelberger
4.3%
1997Graham Marsh
4.3%
1994Simon Hobday
4.3%
1986Dale Douglass
4.3%

You're not logged in!

Compare scores with friends on all Sporcle quizzes.
Join for Free
OR
Log In

You Might Also Like...

Show Comments

Extras

Created May 30, 2017ReportNominate
Tags:Golf Quiz

Top Quizzes Today


Score Distribution

Your Account Isn't Verified!

In order to create a playlist on Sporcle, you need to verify the email address you used during registration. Go to your Sporcle Settings to finish the process.

Report this User

Report this user for behavior that violates our Community Guidelines.

Details: